Budapest : guía básica para descubrir la ciudad /
Salvato in:
| Autori principali: | , |
|---|---|
| Altri autori: | |
| Natura: | Elettronico eBook |
| Lingua: | spagnolo |
| Pubblicazione: |
[Barcelona, España] :
Ecos Producciones Periodísticas SCP,
[2014]
|
| Edizione: | Segunda edición digital. |
| Serie: | Guías ecos.
|
| Soggetti: | |
| Accesso online: | Digitalia Hispánica |
| Tags: |
Aggiungi Tag
Nessun Tag, puoi essere il primo ad aggiungerne!!
|
MARC
| LEADER | 00000nam a2200000Ii 4500 | ||
|---|---|---|---|
| 001 | DIGECOS0007 | ||
| 003 | NyNyDIG | ||
| 008 | 230112s2014 sp ab o 000 0 spa d | ||
| 006 | m o d | ||
| 007 | cr ||||||||||| | ||
| 035 | |a (OCoLC)1367359307 | ||
| 040 | |a DGITA |b eng |e rda |e pn |c DGITA | ||
| 020 | |a 9788493780487 |q eBook | ||
| 043 | |a e-hu--- | ||
| 050 | 1 | 4 | |a DB864 ebook |
| 100 | 1 | |a Gábor Mihucz, Viktor, |e author. | |
| 245 | 1 | 0 | |a Budapest : |b guía básica para descubrir la ciudad / |c textos, Viktor Gábor Mihucz y Josep Sucarrats ; fotos, César Barba. |
| 250 | |a Segunda edición digital. | ||
| 264 | 1 | |a [Barcelona, España] : |b Ecos Producciones Periodísticas SCP, |c [2014] | |
| 300 | |a 1 online resource : |b illustrations, maps. | ||
| 336 | |a text |b txt |2 rdacontent | ||
| 337 | |a computer |b c |2 rdamedia | ||
| 338 | |a online resource |b cr |2 rdacarrier | ||
| 347 | |a text file |2 rdaft | ||
| 347 | |b EPUB | ||
| 490 | 1 | |a Guías ecos | |
| 588 | 0 | |a Online resource; title from ePub title page (Digitalia, viewed January 12, 2023) | |
| 651 | 0 | |a Budapest (Hungary) |x Description and travel. | |
| 651 | 0 | |a Budapest (Hungary) |v Guidebooks. | |
| 700 | 1 | |a Sucarrats, Josep, |e author. | |
| 700 | 1 | |a Barba Villarraza, César, |e photographer. | |
| 791 | 2 | |a Digitalia (Firm), |e distributor. | |
| 793 | 0 | |g Digitalia eBook Collection: |a Ecos Travel Books | |
| 830 | 0 | |a Guías ecos. | |
| 856 | 4 | 0 | |3 Digitalia Hispánica |u https://digitalia.unach.elogim.com/a/33884/ |
| 910 | |a Premium collection: 2023 | ||